Combien de fois pouvez vous taper la lettre E ? - Statistiques

Statistiques générales
  • Ce quiz a été pris 718 fois
  • Le résultat moyen est 99 sur 125
Statistiques - réponses
Réponse % Correct
e
100%
e
99%
e
99%
e
99%
e
99%
e
99%
e
99%
e
99%
e
99%
e
98%
e
98%
e
98%
e
98%
e
98%
e
98%
e
98%
e
97%
e
97%
e
97%
e
97%
e
96%
e
96%
e
96%
e
96%
e
96%
e
96%
e
96%
e
96%
e
96%
e
96%
e
96%
e
96%
e
96%
e
96%
e
96%
e
96%
e
96%
e
96%
e
96%
e
96%
e
96%
e
96%
e
96%
e
96%
e
96%
e
96%
e
96%
e
95%
e
95%
e
95%
e
95%
e
94%
e
94%
e
94%
e
94%
e
94%
e
94%
e
94%
e
94%
e
94%
e
94%
e
93%
e
93%
e
93%
e
93%
e
93%
e
93%
e
91%
e
91%
e
91%
e
91%
e
90%
e
89%
e
88%
e
87%
e
86%
e
86%
e
85%
e
83%
e
82%
e
81%
e
80%
e
80%
e
79%
e
78%
e
74%
e
73%
e
72%
e
70%
e
68%
e
68%
e
66%
e
65%
e
65%
e
63%
e
62%
e
60%
e
59%
e
57%
e
55%
e
53%
e
51%
e
50%
e
49%
e
48%
e
46%
e
45%
e
43%
e
42%
e
42%
e
41%
e
39%
e
37%
e
37%
e
36%
e
36%
e
34%
e
33%
e
32%
e
31%
e
30%
e
29%
e
27%
e
27%
e
26%
Aucun quiz correspondant
Distribution des résultats
% des personnes avec chaque résultat
Percentile par nombre de réponses
Votre historique - résultats
Vous n’avez pas pris ce quiz